000 00950nam a22002897a 4500
003 CHAP
005 20220329135347.0
008 971013s1986 r 00010 d
010 _a35032
011 _a36004
035 _a40123
040 _cCHAP
082 _a331.02672
_bM48 1986
110 _aMéxico. Leyes, decretos, etc.
_977071
245 _aLegislación federal del trabajo burocrático
_b: comentarios y jurisprudencia: disposiciones complementarias
250 _a21 ed.
260 _aMéxico, D.F. :
_bTrueba Barrera,
_c1986
300 _a601 p
590 _aBATCH-UPD
_b10
_c20130110
_lUCH01
_h2042
590 _aBATCH-UPD
_b10
_c20130410
_lUCH01
_h1357
590 _aBATCH-UPD
_b10
_c20130914
_lUCH01
_h1211
590 _aCONVERSION
_b10
_c20130109
_lUCH01
_h1320
650 1 4 _aDerecho laboral
_xMéxico.
_931893
901 _aBK
942 _cLIBRO
949 _a331.02672 M48 1986
_bBC
_cC
_d33724000755211
_eC
_gI.C/E
_h70919
_i40123
_sb
_t1.50
999 _c35032
_d35032